Statistics for NCAA College Football Quiz

Click here to take the quiz!

General Stats

  • This quiz has been taken 6,961 times
  • The average score is 13 of 20

Answer Stats

Question Answer % Correct
What is Miami's team name?Hurricanes
96%
What two Alabama coaches have won at least 4 national titles?Nick Saban
90%
Who plays against Alabama in the "Iron Bowl"?Auburn
84%
What Texas A&M quarterback was the first freshman to win a Heisman?Johnny Manziel
80%
What two Alabama coaches have won at least 4 national titles?Bear Bryant
75%
What Texas quarterback beat USC in the 2006 Rose Bowl?Vince Young
70%
What South Carolina defensive end was picked #1 by the Houston Texans in 2014?Jadeveon Clowney
69%
In what city is the Cotton Bowl played?Arlington, Texas
66%
What school has a mural unofficially known as "Touchdown Jesus"?Notre Dame
64%
What team name is used by five different schools in the Bowl Subdivision?Tigers
63%
Who led Oregon to a BCS bowl game in every one of his four years as head coach?Chip Kelly
61%
What cornerback became, in 1997, the only defensive player to win a Heisman?Charles Woodson
60%
What school did Randy Moss play for?Marshall
60%
What is the nickname of Ohio Stadium?The Horseshoe
60%
Who shattered records by running for 2,850 yards and 42 touchdowns in 1988?Barry Sanders
59%
Where did Jim Harbaugh coach between 2007 and 2010?Stanford
58%
What future politician starred as "The Gipper" in the movie "Knute Rockne, All American"?Ronald Reagan
50%
Name one of the two teams that played the first college football game in 1869Rutgers or Princeton
46%
What historically black college was coached by Eddie Robinson for 56 years?Grambling State
40%
What Native American was a standout player in football, track, baseball,
lacrosse, and even ballroom dancing?
Jim Thorpe
38%

Score Distribution

Percentile by Number Answered

Percent of People with Each Score

Your Score History

You have not taken this quiz